| 000 | 00665nam a22001817a 4500 | ||
|---|---|---|---|
| 003 | BD-DhUL | ||
| 005 | 20210214113147.0 | ||
| 008 | 171108s1311 ir ||||| |||| 00| 0 per d | ||
| 040 |
_aBD-DhUL _cBD-DhUL |
||
| 082 |
_a891.551 _bBAD |
||
| 100 | 3 | _aباباطاھر عریان ھمدانی۔ | |
| 245 | 0 |
_aدیوان کامل بی نظیر باباطاھر عریان ھمدانی / _cباباطاھر عریان ھمدانی۔ |
|
| 246 | _aDivān-e Kāmil be-nazīr Bābā Ṭāher 'Uryān Hamadānī | ||
| 260 |
_aطھران : _bمطبعه ارمغان، _c۱۳۱۱۔ |
||
| 300 |
_aص۔ ۱۰۷ ؛ _c۲۱ سم۔ |
||
| 650 | 4 | _aPersian poetry. | |
| 942 |
_2ddc _cBK |
||
| 999 |
_c231841 _d231841 |
||